| 000 | 00867nam a2200217Ia 4500 | ||
|---|---|---|---|
| 999 |
_c38443 _d38443 |
||
| 001 | 4455 | ||
| 003 | GE_BSU | ||
| 005 | 20190527142838.0 | ||
| 008 | 181216s1979||||ge |||||||||||||| ||geo|| | ||
| 040 | _cGE_BSU | ||
| 041 | _ageo | ||
| 080 | _a514.18(075.8) ვ–26 | ||
| 100 |
_aვაჩნაძე, გ _91633 |
||
| 245 |
_aმხაზველობითი გეომეტრიის კურსი : სახელმძღვ. / _cგ. ვაჩნაძე ; რედ : ჩ. გურგენიძე. |
||
| 264 |
_aთბილისი : _bგანათლება, _c1979. |
||
| 300 |
_a292გვ .: _c26 სმ. |
||
| 653 | _aმხაზველობითი გეომეტრია | ||
| 653 | _aგეომეტრია | ||
| 700 |
_aგურგენიძე, ჩ _eრედაქტორი _91634 |
||
| 942 |
_cBK _2udc |
||